| 000 | 00601cam a2200181 a 4500 | ||
|---|---|---|---|
| 020 | _a1559345276 (pbk.) | ||
| 040 | _cDLC | ||
| 082 | 0 | 0 | _a792 MAY 1998 A086 Or. |
| 100 | 1 | _aGillette, J. Michael. | |
| 245 | 1 | 0 |
_aDesigning with light : _ban introduction to stage lighting / |
| 250 | _a3rd ed. | ||
| 260 |
_aMountain View, Calif. : _bMayfield Pub. Co., _cc1998. |
||
| 300 |
_axv, 262 p. : _bill. (some col.) ; _c24 cm. |
||
| 650 | 0 | _aStage lighting. | |
| 856 | 4 | 2 | _uhttp://www.loc.gov/catdir/description/mh024/97019014.html |
| 856 | 4 | 1 | _uhttp://www.loc.gov/catdir/toc/mh023/97019014.html |
| 942 | _cEK | ||
| 999 |
_c11660 _d11660 |
||